| 000 | 00336nam a22001217a 4500 | ||
|---|---|---|---|
| 020 | _a9788176223133 | ||
| 082 |
_a631.4 _bAVI /SO |
||
| 100 |
_aAvinash Singh Tomar _9293 |
||
| 245 | _aSoil Science: A Practical Perspective with Glossary and Facts about the Soil | ||
| 260 |
_aNew Delhi _bBiotech Books _c2014 |
||
| 300 | _a190 | ||
| 942 | _cBK | ||
| 999 |
_c14229 _d14229 |
||